000 00424nam a2200181Ia 4500
001 832
005 20260306140547.0
008 260306t2004||||xx |||||||||||||| ||spa||
041 _aESP
082 _a170
_bP45
100 _aPérez Morán, Graciela [comp.]
_eAUT
245 0 _aEn busca de tu identidad
260 _c2004
300 _a87 páginas :
_c21 cm.
650 _aGEN
654 _aCHU
942 _cLIB
_dJUS
_fJUS
_2ddc
_n
999 _c832
_d832